000
00243nam a2200097Ia 4500
005
20251222114406.0
008
251222s1900||||xx |||||||||||||| ||spa||
082
_a
DVD0040/R47/2002
245
0
_a
Monte Cristo:The Count of Monte Cristo
942
_c
DVD
999
_c
1827
_d
1827